Estrategia didáctica para la enseñanza del dribling en baloncesto y su impacto en el aprendizaje de los estudiantes de 1ero de secundaria de la Escuela Sabana Toro, Distrito Educativo 04-03, año escolar 2023-2024 / (Record no. 13331)

MARC details
000 -LEADER
campo de control de longitud fija 00947nam a2200205 4500
003 - IDENTIFICADOR DE NÚMERO DE CONTROL
campo de control DO-SdUA
005 - FECHA Y HORA DE LA ÚLTIMA TRANSACCIÓN
campo de control 20250325093547.0
008 - DATOS DE LONGITUD FIJA--INFORMACIÓN GENERAL
campo de control de longitud fija s2024 dr a|| |||| 0 |a||0|spa d
040 ## - FUENTE DE CATALOGACIÓN
Centro catalogador/agencia de origen DO-SdUA
Lengua de catalogación spa
Centro/agencia transcriptor DO-SdUA
041 0# - CÓDIGO DE IDIOMA
Código de lengua del texto/banda sonora o título independiente spa
092 ## - ASIGNACIÓN LOCAL DE SIGNATURA TOPOGRÁFICA DEWEY (OCLC)
Número de clasificación MA-EFD 0013 FCE 2024
100 1# - ENTRADA PRINCIPAL--NOMBRE DE PERSONA
Nombre de persona Corporán Tiburcio, Joel
245 10 - MENCIÓN DEL TÍTULO
Título Estrategia didáctica para la enseñanza del dribling en baloncesto y su impacto en el aprendizaje de los estudiantes de 1ero de secundaria de la Escuela Sabana Toro, Distrito Educativo 04-03, año escolar 2023-2024 /
Mención de responsabilidad, etc. Joel Corporán Tiburcio.
260 ## - PUBLICACIÓN, DISTRIBUCIÓN, ETC.
Lugar de publicación, distribución, etc. San Cristóbal :
Nombre del editor, distribuidor, etc. UASD,
Fecha de publicación, distribución, etc. 2024.
300 ## - DESCRIPCIÓN FÍSICA
Extensión 82 h. :
Otras características físicas il.
502 ## - NOTA DE TESIS
Nota de tesis Tesis y trabajo de grado (Maestría en Geografía para Educadores)--Universidad Autónoma de Santo Domingo, San Cristóbal, 2024.
504 ## - NOTA DE BIBLIOGRAFÍA, ETC.
Nota de bibliografía, etc. Nota Incluye referencias bibliográficas.
830 ## - PUNTO DE ACCESO ADICIONAL DE SERIE-TÍTULO UNIFORME
Título uniforme Tesis y disertaciones académicas (Universidad Autónoma de Santo Domingo)
942 ## - ELEMENTOS DE ENTRADA SECUNDARIOS (KOHA)
Fuente de la clasificación o esquema de estantería
Tipo de ítem Koha
Suprimir en OPAC No

No items available.

© 2024. Todos los Derechos Reservados. Desarrollado por IDEICE